Los gobernadores y las élites políticas de Jalisco : 1911-2015 /

Guardat en:
Dades bibliogràfiques
Autor principal: Hurtado González, Javier (autor)
Altres autors: López Cortés, Eliseo (autor) (autor)
Format: Llibre
Idioma:espanyol
Publicat: Guadalajara, México : Instituto de Estudios del Federalismo Prisciliano Sánchez : El Colegio de Jalisco, 2015, c2015,
Matèries:
Etiquetes: Afegir etiqueta
Sense etiquetes, Sigues el primer a etiquetar aquest registre!

MARC

LEADER 00000nam^a2200000^a^4500
001 000366808
005 20250521000000.0
009 20260310115721.947
020 |a 978-607-8136-26-1 
020 |a 978-607-8350-30-8 
037 |a Acervo ITESO - Biblioteca 
041 |a ESP 
082 |a 320. 97235  |b HUR 
100 |a Hurtado González, Javier  |e (autor) 
245 1 4 |a Los gobernadores y las élites políticas de Jalisco :  |b 1911-2015 /  |c J. Hurtado González. 
264 4 |a Guadalajara, México :  |b Instituto de Estudios del Federalismo Prisciliano Sánchez :  |b El Colegio de Jalisco,  |c 2015, c2015, 
300 |a 602 p. 
336 |a texto  |b txt  |2 rdacontenido 
337 |a sin mediación  |b n  |2 rdamedio 
338 |a volumen  |b nc  |2 rdasoporte 
649 |a XX 
650 |a Gobernadores Jaliscienses -  |x Biografías -  |x Tema Principal 
650 |a Gobernadores Jaliscienses -  |x Historia 
650 |a Gobernadores Mexicanos -  |x Biografías 
650 |a Gobernadores Mexicanos -  |x Historia 
650 |a Políticos Jaliscienses -  |x Historia 
650 |a Políticos Mexicanos -  |x Historia 
650 |a Elites Políticas -  |z Jalisco -  |x Historia -  |y 1928-2000 
650 |a Elites Políticas -  |z Jalisco -  |x Historia -  |y Siglo XX 
650 |a Elites Políticas -  |z Jalisco -  |x Historia -  |y Siglo XXI 
650 |a Elites Políticas -  |z Jalisco -  |x Historia -  |x Tema Principal 
650 |a Elites Políticas -  |z México -  |x Historia -  |y 1928-2000 
650 |a Elites Políticas -  |z México -  |x Historia -  |y Siglo XX 
650 |a Elites Políticas -  |z México -  |x Historia -  |y Siglo XXI 
650 |a Elites Políticas -  |z México -  |x Historia 
650 |a Jalisco -  |x Condiciones Políticas 
650 |a Política -  |z Jalisco -  |x Historia -  |y 1928-2000 
650 |a Política -  |z Jalisco -  |x Historia -  |y Siglo XX 
650 |a Política -  |z Jalisco -  |x Historia -  |y Siglo XXI 
650 |a México -  |x Condiciones Políticas 
650 |a Política -  |z México -  |x Historia -  |y 1928-2000 
650 |a Política -  |z México -  |x Historia -  |y Siglo XX 
650 |a Política -  |z México -  |x Historia -  |y Siglo XXI 
650 |a Jalisco -  |x Historia -  |y 1928-2000 
650 |a Jalisco -  |x Historia -  |y Siglo XX 
650 |a Jalisco -  |x Historia -  |y Siglo XXI 
650 |a México -  |x Historia -  |y 1928-2000 
650 |a México -  |x Historia -  |y Siglo XX 
650 |a México -  |x Historia -  |y Siglo XXI 
650 |a Partido Acción Nacional -  |x Historia  |z Jalisco - 
650 |a Partido Revolucionario Institucional -  |x Historia  |z Jalisco - 
700 |a López Cortés, Eliseo  |e (autor) 
910 |a Fondo General 
920 |a Impresos - Libros 
930 |a Colección General 
905 |a 101 
901 |a 0500260347  |b IT1  |c ACC  |i D75982  |u 20250521 
901 |a 0500285227  |b IT1  |c ACC  |i D83451  |u 20250521 
902 |a https://opac.biblio.iteso.mx/vufind/Record/000366808